000 00942nam a22002177a 4500
999 _c8441
_d8441
003 AR-CdUCM
008 190325b ||||| |||| 00| 0 spa d
040 _aMUNICIPALIDAD PROVINCIAL DEL CUSCO
_cBIBLIOTECA MUNICIPAL DEL CUSCO
082 _a539 /
_bM12
100 _aMcCrea , W.H.
_923688
245 _aFisica Relativista /
260 _aMéxico :
_bUnion Tipografica Editorial Hispano Americana ,
_c1965.
300 _a108 páginas ;
_c17.5 cm.
440 _aManuales Uteha
_n193
_923689
505 _aContenido : Relatividad Especial y la transormacion de lorentz -- Cinematica Relativista -- Mecanica Relativista -- Optica Relativista -- Teoria Electromagnetica de la relatividad -- Fisica Relativista y Atomica -- Termodinamica, mecanica estadistica e hidromecanica relativista...
650 _aFisica Moderna
_923690
650 _aFisica Relativa
_923691
650 _aFisica Relativista
_923692
942 _2ddc
_cLIBROS
945 _artm